Huellas imperiales : historia de los Estados Unidos de América : de la crisis de acumulación a la globalización capitalista 1929-2000 /

Salvato in:
Dettagli Bibliografici
Autore principale: Pozzi, Pablo (comp.)
Altri autori: Nigra, Fabio (compilación) (compilación)
Natura: Libro
Lingua:spagnolo
Pubblicazione: Buenos Aires, Argentina : Imago Mundi, 2003, c2003
Serie:(Papeles Corsarios)
Soggetti:
Tags: Aggiungi Tag
Nessun Tag, puoi essere il primo ad aggiungerne!!

MARC

LEADER 00000nam^a2200000^a^4500
001 000192535
005 20250521000000.0
009 20260310102611.404
020 |a 950-793-013-2 
037 |a Acervo ITESO - Biblioteca 
041 |a ESP 
082 |a 320. 97309  |b POZ 
100 |a Pozzi, Pablo  |e (comp.) 
245 1 0 |a Huellas imperiales :  |b historia de los Estados Unidos de América : de la crisis de acumulación a la globalización capitalista 1929-2000 /  |c Comp. de P. Pozzi, F. Nigra ; tr. por Valeria Verona... [et al.]. 
264 4 |a Buenos Aires, Argentina :  |b Imago Mundi,  |c 2003, c2003 
300 |a 621 p. 
336 |a texto  |b txt  |2 rdacontenido 
337 |a sin mediación  |b n  |2 rdamedio 
338 |a volumen  |b nc  |2 rdasoporte 
440 1 |a (Papeles Corsarios) 
649 |a XX 
650 |a Imperialismo -  |z EUA -  |x Tema Principal 
650 |a Imperialismo -  |z EUA -  |x Historia -  |y Siglo XX 
650 |a Guerra y Paz -  |x Historia -  |y Siglo XX 
650 |a Intervención Militar de EUA -  |x Historia -  |y Siglo XX 
650 |a Consumo -  |z EUA -  |x Historia -  |y Siglo XX 
650 |a Marginación -  |z EUA -  |x Historia -  |y Siglo XX 
650 |a Capitalismo -  |z EUA -  |x Historia -  |y Siglo XX 
650 |a Censura -  |z EUA -  |x Historia -  |y Siglo XX 
650 |a Represión -  |z EUA -  |x Historia -  |y Siglo XX 
650 |a Política Exterior -  |z EUA -  |x Historia -  |y Siglo XX 
650 |a Política -  |z EUA -  |x Historia -  |y Siglo XX 
650 |a Política Internacional -  |x Historia -  |y Siglo XX 
650 |a EUA -  |x Historia -  |y Siglo XX -  |x Tema Principal 
700 |a Nigra, Fabio  |e (compilación) 
910 |a Fondo General 
920 |a Impresos - Libros 
930 |a Colección General 
905 |a 101 
901 |a 0500136629  |b IT1  |c ACC  |u 20250521 
902 |a https://opac.biblio.iteso.mx/vufind/Record/000192535